Name the Marvel film characters in Phase Two - Statistics

General Stats
  • This quiz has been taken 22 times
  • The average score is 49 of 99
Answer Stats
Actor/Actress Character % Correct
Shaun Toub Ho Yinsen
100%
Chris Hemsworth Thor
100%
Chris Hemsworth Thor
100%
Robert Downey Jr. Tony Stark
100%
Robert Downey Jr. Tony Stark
100%
Chris Evans Steve Rogers
95%
Mark Ruffalo Bruce Banner
90%
Tom Hiddleston Loki
90%
Scarlett Johansson Natasha Romanoff
90%
Chris Evans Steve Rogers
90%
James Spader Ultron
90%
Sebastian Stan Bucky Barnes
86%
Jeremy Renner Clint Barton
86%
Zoe Saldana Gamora
86%
Anthony Hopkins Odin
86%
Chris Pratt Peter Quill
86%
Dave Bautista Drax
81%
Vin Diesel Groot
81%
Natalie Portman Jane Foster
81%
Gwyneth Paltrow Pepper Potts
81%
Aaron Taylor-Johnson Pietro Maximoff
81%
Bradley Cooper Rocket
81%
Paul Rudd Scott Lang
81%
Elizabeth Olson Wanda Maximoff
81%
Samuel L. Jackson Nick Fury
76%
Samuel L. Jackson Nick Fury
76%
John Slattery Howard Stark
71%
Anthony Mackie Sam Wilson
71%
Anthony Mackie Sam Wilson
71%
Anthony Mackie Sam Wilson
71%
Michael Douglas Hank Pym
67%
Michael Rooker Yondu
67%
Christopher Eccleston Malekith
62%
Karen Gillan Nebula
62%
Josh Brolin Thanos
62%
Evangeline Lilly Hope van Dyne
57%
Cobie Smulders Maria Hill
57%
Cobie Smulders Maria Hill
57%
Hayley Atwell Peggy Carter
57%
Hayley Atwell Peggy Carter
57%
Hayley Atwell Peggy Carter
57%
Benicio del Toro The Collector
57%
Paul Bettany Vision
57%
Guy Pearce Aldrich Killian
52%
Corey Stroll Darren Cross
52%
Jon Favreau Happy Hogan
52%
Paul Bettany J.A.R.V.I.S
52%
Sean Gunn Kraglin
52%
Michael Pena Luis
52%
Lee Pace Ronan
52%
Frank Grillo Brock Rumlow
48%
Stellan Skarsgard Erik Selvig
48%
Stellan Skarsgard Erik Selvig
48%
Idris Elba Heimdall
48%
Idris Elba Heimdall
48%
Don Cheadle James Rhodes
48%
Don Cheadle James Rhodes
48%
Emily VanCamp Sharon Carter
48%
Jaimie Alexander Sif
48%
Abby Ryder Forston Cassandra Lang
38%
Rene Russo Frigga
38%
Hayley Lovitt Janet van Dyne
38%
Ben Kingsley Trevor Slattery
38%
Toby Jones Arnim Zola
33%
Claudia Kim Helen Cho
33%
Ray Stevenson Volstagg
33%
Robert Redford Alexander Pierce
29%
John C. Reilly Corpsman Dey
29%
Kat Dennings Darcy Lewis
29%
Zachary Levi Fandral
29%
Jonathan Howard Ian Boothby
29%
Ty Simpkins Harley
24%
Djimon Hounsou Korath
24%
Adewale Akinnuoye-Agbaje Kurse
24%
David Dastmalchian Kurt
24%
Linda Cardellini Laura Barton
24%
Laura Haddock Meredith Quill
24%
Scarlett Johansson Natasha Romanoff
24%
Thomas Kretschmann Baron Strucker
19%
Tadanobu Asano Hogun
19%
Andy Serkis Ulysses Klaue
19%
Georges St-Pierre Batroc the Leaper
14%
T.I. Dave
10%
Julie Delpy Madame B
10%
Judy Greer Maggie
10%
Rebecca Hall Maya Hansen
10%
Bobby Cannavale Paxton
10%
Clive Russell Tyr
10%
Stephanie Szostak Brandt
5%
James Badge Dale Coldblood
5%
Peter Serafinowicz Denarian Saal
5%
Wang Xueqi Dr Wu
5%
Ashley Hamilton Firepower
5%
Glenn Close Irani Rael
5%
William Sadler President Ellis
5%
Chris O'Dowd Richard
5%
Garry Shandling Senator Stern
5%
Gregg Henry Grandpa
0%
Dale Dickey Mrs. David
0%
No matching quizzes found
Score Distribution
Percent of People with Each Score
Percentile by Number Answered
Your Score History
You have not taken this quiz